| 000 | 00520nam a2200205Ia 4500 | ||
|---|---|---|---|
| 001 | 4056 | ||
| 003 | IVS | ||
| 005 | 20250626025606.0 | ||
| 008 | 211022s9999 xx 000 0 und d | ||
| 040 | _cIVS | ||
| 082 | _a746 IFF | ||
| 100 | _aIffat Iqbal | ||
| 245 | 0 | _aFarasis : Traditional rugs of Sindh | |
| 260 | _aKarachi | ||
| 260 | _bIndus Valley School | ||
| 260 | _c2000 | ||
| 300 | _a60 | ||
| 856 | _uhttps://drive.google.com/file/d/1rC1AyMtxw2uIdjerLDo_BURL6biAdJi5/view?usp=sharing | ||
| 942 |
_cDISS _2ddc _n0 |
||
| 999 |
_c5853 _d5853 |
||